000 00975nam a2200265Ia 4500
003 OSt
005 20221005112823.0
006 a|||||r|||| 00| 0
007 ta
008 221004b |||||||| |||| 00| 0 rus d
020 _a9788182991293 (hbk)
_c400
024 _a104547
037 _b7830/VIII, 31/01/2011, Arsee Publishers
_cTextual
040 _aCRL
_cCRL
_brus
041 _2rus
_arus
082 _aO142,3M21,GA, 153Q0
100 _aਦੋਸਤੇਯੇਵਸਕੀ, ਫਿਓਦੋਰ
245 0 _aਗਰੀਬੜੇ
260 _aਦਿੱਲੀ
_bਆਰਸੀ ਭਾਰਤ
_c2010
300 _a152ਪੰ
_ccm.
650 _aਰਾFੀਅਨ ਸਾਹਿਤ
700 _a ਕਰਨਜੀਤ ਸਿੰਘ, ੳਗ.
942 _hO142,3M21,GA, 153Q0
_cTEXL
_2cc
999 _c1026086
_d1026086